00408nam a2200121 a 450000100100000000500170001000800410002704000250006811000500009324500480014326000530019130000420024400003164520200930063056.0110629d1978 dr 000 0 spa d aDO-SdBNPbspacBNPHU2 aRepública DominicanabCámara de Diputados10aBufete directivo de la camara de diputados. a[Santo Domingo] :bCámara de Diputados,c1978. a1v. con varias paginaciones ;c22 cm.